<?xml version="1.0" encoding="UTF-8"?>
<record
    xmlns:xsi="http://www.w3.org/2001/XMLSchema-instance"
    xsi:schemaLocation="http://www.loc.gov/MARC21/slim http://www.loc.gov/standards/marcxml/schema/MARC21slim.xsd"
    xmlns="http://www.loc.gov/MARC21/slim">

  <leader>04665nam a2200373 a 4500</leader>
  <controlfield tag="001">000016945</controlfield>
  <controlfield tag="003">DO-SdBPM</controlfield>
  <controlfield tag="005">20251014130731.0</controlfield>
  <controlfield tag="007">ta</controlfield>
  <controlfield tag="008">100312s1998    dr ac       000 0 spa d</controlfield>
  <datafield tag="040" ind1=" " ind2=" ">
    <subfield code="a">DO-SdBPM</subfield>
    <subfield code="b">spa</subfield>
    <subfield code="c">BPMSU </subfield>
    <subfield code="d">rda</subfield>
  </datafield>
  <datafield tag="082" ind1=" " ind2="4">
    <subfield code="a">306.09729</subfield>
    <subfield code="b">T266c 1998</subfield>
    <subfield code="2">22</subfield>
  </datafield>
  <datafield tag="100" ind1="1" ind2=" ">
    <subfield code="a">Tejeda Ort&#xED;z, Dagoberto, </subfield>
    <subfield code="d">1940-</subfield>
    <subfield code="e">autor </subfield>
  </datafield>
  <datafield tag="245" ind1="1" ind2="0">
    <subfield code="a">Cultura popular e identidad nacional /</subfield>
    <subfield code="c">Dagoberto Tejeda Ortiz ; presentaci&#xF3;n V&#xED;ctor J. V&#xED;ctor ; introducci&#xF3;n Dagoberto Tejeda Ort&#xED;z.</subfield>
  </datafield>
  <datafield tag="264" ind1=" " ind2=" ">
    <subfield code="a">Santo Domingo :</subfield>
    <subfield code="b">Consejo Presidencial de Cultura, Instituto Dominicano de Folklore,</subfield>
    <subfield code="c">1998</subfield>
  </datafield>
  <datafield tag="300" ind1=" " ind2=" ">
    <subfield code="a">volum&#xE9;n :</subfield>
    <subfield code="b">ilustraci&#xF3;n , retrato ;</subfield>
    <subfield code="c">21 cm.</subfield>
  </datafield>
  <datafield tag="336" ind1=" " ind2=" ">
    <subfield code="a">texto</subfield>
    <subfield code="b">txt</subfield>
    <subfield code="2">rdacontent</subfield>
  </datafield>
  <datafield tag="337" ind1=" " ind2=" ">
    <subfield code="a">sin mediaci&#xF3;n</subfield>
    <subfield code="b">n</subfield>
    <subfield code="2">rdamedia</subfield>
  </datafield>
  <datafield tag="338" ind1=" " ind2=" ">
    <subfield code="a">volumen</subfield>
    <subfield code="b">nc</subfield>
    <subfield code="2">rdacarrier</subfield>
  </datafield>
  <datafield tag="490" ind1="0" ind2=" ">
    <subfield code="a">Ensayos sobre folklore ;</subfield>
  </datafield>
  <datafield tag="500" ind1=" " ind2=" ">
    <subfield code="a"> </subfield>
  </datafield>
  <datafield tag="504" ind1=" " ind2=" ">
    <subfield code="a">Incluye referencias bibliogr&#xE1;ficas (v. 2, p. [321]-[328]).</subfield>
  </datafield>
  <datafield tag="505" ind1="0" ind2=" ">
    <subfield code="a">TOMO II Leyendas, creencias e identidad, 1.-- La virgen de las Mercedes fue la Diferencia en El Santo Cerro, 3.-- Las brujas, &#xBF;Mito o Realidad?, 8.-- Las brujas, no son las &#xFA;nicas que vuelan,13.-- Entre el amor de Vanah&#xED; y la dulzura de la ciguapa, 18.-- Lluvia y magia en las creencias populares, 23.-- La protecci&#xF3;n m&#xE1;gica en la cultura popular dominicana, 28.-- Animales, magia, poderes e identidad, 37.-- El Milagroso Santo Cristo de Bayaguana, 42.-- Cuando blanquearon a la Virgen y negrearon a San Juan, 47.-- Bibiana: una diosa bajada del cielo, 52.-- Lo sagrado y lo profano de la navidad, 57.-- Mitolog&#xED;a y realidad de los Reyes Magos, 62.-- Rituales de la muerte en el folklore dominicano, 67.-- La muerte y lo imaginario de la creencias populares, 72.-- Esquelas mortuorias e identidad, 78.-- Los vivos y los muertos en el d&#xED;a de los difuntos, 83.-- S&#xED;mbolos, ra&#xED;ces e identidad, 89.-- Vivienda, im&#xE1;genes y simbolizaci&#xF3;n, 91.-- Colorido y significado de los Rombos, 95.-- Hierro, arte popular e identidad, 99.-- Lo sagrado y lo profano de la gastronom&#xED;a dominicana, 103.-- Los negros de Lo&#xED;za comen la misma arepa que los "Blancos de Ban&#xED;", 108.-- La muestra de la cultura campesina de Salcedo, 112.-- Modas, ra&#xED;ces e identidad, 116.-- La psicolog&#xED;a popular del dominicano, 121.-- Las Historias locales y la historia nacional, 125.-- Fistas patronales e identidad, 130.-- Arte popular, 135.-- Folklore e identidad en la m&#xFA;sica popular, 137.-- M&#xFA;sica popular, creatividad y "fusilamiento", 142.-- Merengue, desprecio e identidad, 148.-- Las Canciones populares de la clase obrera dominicana, 151.-- En Santo Domingo el Son tiene un monumento, 156.-- Cuando el Son se apoder&#xF3; de Borojol, 163.-- El Son dominicano, seg&#xFA;n C&#xE9;sar Namn&#xFA;n, 169.-- Fogarat&#xE9;, Juan Luis e identidad, 175.-- Jhonny Ventura la Miel de la identidad, 180.-- La leyenda del Mayimbe, 185.-- Kinito M&#xE9;ndez, Luases e identidad, 189.-- El mundo de Alicia Baroni, 194.-- Manuel Jim&#xE9;nez, entre hortensias y amaneceres, 199.-- V&#xED;ctor V&#xED;ctor se enamora con balada, son y bachata, 203.-- Jose&#xED;to Mateo, cantos y ra&#xED;ces, 207.-- 20 A&#xF1;os despu&#xE9;s: convite convida, 211.-- Nadal Walcot: El cimarronaje de la Cultura Cocola, 216.-- Con Mateo Morrison, todos aspiramos a la ternura, 221.-- Rebeld&#xED;a e identidad de Federico Jovine Bermudez, 227.-- Jos&#xE9; Rodr&#xED;guez: Regresa de Nuevo a Recoger la Ternura, 232.-- Insistiendo en la definici&#xF3;n de la identidad, 237.-- Hispanidad e identidad nacional, 239.-- Halloween, entre brujas, muertos y comerciantes, 244.-- Mito y realidad de la penetraci&#xF3;n cultural haitiana, 249.-- &#xC1;frica en Santo Domingo: La desverg&#xFC;enza de los intelectuales, 254.-- &#xC1;frica en Santo Domingo: De los or&#xED;genes a la identidad, 259.-- El lenguaje de las ra&#xED;ces y la expresi&#xF3;n de la identidad, 264.-- &#xC1;frica en Santo Domingo: El Lenguaje del cuerpo y la comunicaci&#xF3;n de los gestos, 268.-- Los caracoles de Saman&#xE1; e identidad, 272.-- Por la ruta de los Cimarrones del Bahoruco, 277.-- Boca de Nigua y la hispanidad, 282.-- Trascendencia de la rebeli&#xF3;n de Boca de Nigua, 287.-- Ayuntamiento de Nigua y el d&#xED;a de la african&#xED;a, 291.-- La mujer negra y el racismo, 296.&#x2014;El folklore dominicano como objeto de investigaci&#xF3;n, 301.-- Fadrique: muri&#xF3; para nacer, 306.-- </subfield>
  </datafield>
  <datafield tag="590" ind1=" " ind2=" ">
    <subfield code="a">Inventariado, 2025/VM</subfield>
  </datafield>
  <datafield tag="650" ind1=" " ind2="7">
    <subfield code="a">Cultura popular</subfield>
    <subfield code="d">Rep&#xFA;blica Dominicana </subfield>
  </datafield>
  <datafield tag="650" ind1=" " ind2="7">
    <subfield code="a"> Sociolog&#xED;a </subfield>
    <subfield code="z">Rep&#xFA;blica Dominicana</subfield>
  </datafield>
  <datafield tag="650" ind1=" " ind2="7">
    <subfield code="a">Nacionalismo</subfield>
    <subfield code="z">Rep&#xFA;blica Dominicana</subfield>
  </datafield>
  <datafield tag="650" ind1=" " ind2="7">
    <subfield code="a">Folklore</subfield>
    <subfield code="z">Rep&#xFA;blica Dominicana</subfield>
  </datafield>
  <datafield tag="651" ind1=" " ind2="7">
    <subfield code="a">Rep&#xFA;blica Dominicana</subfield>
    <subfield code="x">Vida social y costumbres</subfield>
  </datafield>
  <datafield tag="651" ind1=" " ind2="7">
    <subfield code="a"> </subfield>
  </datafield>
  <datafield tag="700" ind1="1" ind2=" ">
    <subfield code="a">V&#xED;ctor, V&#xED;ctor J.</subfield>
  </datafield>
  <datafield tag="910" ind1=" " ind2=" ">
    <subfield code="a">VMateo V. Control de calidad. BPMSU </subfield>
  </datafield>
  <datafield tag="942" ind1=" " ind2=" ">
    <subfield code="2">ddc</subfield>
    <subfield code="c">BK</subfield>
  </datafield>
  <datafield tag="952" ind1=" " ind2=" ">
    <subfield code="0">0</subfield>
    <subfield code="1">0</subfield>
    <subfield code="2">ddc</subfield>
    <subfield code="7">0</subfield>
    <subfield code="8">CD</subfield>
    <subfield code="a">BPMET</subfield>
    <subfield code="b">BPMET</subfield>
    <subfield code="d">2025-10-14</subfield>
    <subfield code="l">0</subfield>
    <subfield code="o">BPMSU CD  306.097293 T266c 1998</subfield>
    <subfield code="p">BPMSU25100035</subfield>
    <subfield code="r">2025-10-14</subfield>
    <subfield code="t">v.2</subfield>
    <subfield code="w">2025-10-14</subfield>
    <subfield code="y">BK</subfield>
  </datafield>
  <datafield tag="999" ind1=" " ind2=" ">
    <subfield code="c">15438</subfield>
    <subfield code="d">15438</subfield>
  </datafield>
</record>
